000 00643cab a2200229 4500
001 X3309
008 090401t1995 xxu||||| |||| 00| 0 eng d
035 _a(Sirsi) u29704
041 _aeng
100 _aAnstey, J.
245 4 _aThe valuation of rights to light
260 _c1995
350 _a0
490 _aStructural Survey
_v13(3) 1995, 36-37(2)
520 _aA discourse on the issues involved in valuing residential loss of light.
650 _aRESIDENTIAL PROPERTY
_96266
650 _aRIGHTS TO LIGHT
650 _aVALUATION ISSUES
690 _aHIGHWAYS RIGHTS OF WAY AND EASEMENTS
942 _n0
948 _c04/03/1997
999 _c19978
_d19978